Firmy a kapitálový trh

Svet firiem. Firmy a kapitálový trh v SR. Obchodovanie na kapitálovom trhu: BCPB, RM-Systém Slovakia, SCP Bratislava. Devízové trhy. Peňažné trhy. Banky a poisťovne. Investície a privatizácia. Firmy a kapitálové trhy vo svete. Komodity na svetových trhoch: farebné kovy, zlato, striebro, ropa a ropné...

Description complète

Enregistré dans:
Détails bibliographiques
Format: Chapitre de livre
Langue:slovaque
Sujets:
Tags: Ajouter un tag
Pas de tags, Soyez le premier à ajouter un tag!

MARC

LEADER 00000naa a2200000 4500
001 r021468
005 20230921075203.4
041 0 |a slo 
044 |a SK 
245 1 0 |a Firmy a kapitálový trh 
520 |a Svet firiem. Firmy a kapitálový trh v SR. Obchodovanie na kapitálovom trhu: BCPB, RM-Systém Slovakia, SCP Bratislava. Devízové trhy. Peňažné trhy. Banky a poisťovne. Investície a privatizácia. Firmy a kapitálové trhy vo svete. Komodity na svetových trhoch: farebné kovy, zlato, striebro, ropa a ropné produkty, kukurica. Databanka. 
610 2 0 |a Slovensko 
610 2 0 |a svet 
610 2 0 |a trh kapitálový 
610 2 0 |a trh devízový 
610 2 0 |a trh peňažný 
610 2 0 |a podnik 
610 2 0 |a BCP Bratislava 
610 2 0 |a SCP SR Bratislava 
610 2 0 |a RM-Systém Slovakia 
610 2 0 |a banky 
610 2 0 |a poisťovne 
610 2 0 |a investície 
610 2 0 |a privatizácia 
610 2 0 |a komodity 
610 2 0 |a júl 
610 2 0 |a 1996